| 000 | 01090nam a22002777a 4500 | ||
|---|---|---|---|
| 001 | 8143 | ||
| 003 | FISKH | ||
| 005 | 20250828121121.0 | ||
| 008 | 250828b cb ||||| |||| 00| 0 eng d | ||
| 020 | _a9780439993524 | ||
| 040 |
_aFISKH _beng _cFISKH _dFISKH |
||
| 050 | _aPN6110.C4 F | ||
| 082 | _a821 | ||
| 100 | _aCurry, Jennifer | ||
| 245 |
_aFamily poems / _cCompiled by Jennifer Curry |
||
| 260 |
_aNew York : _bScholastic, _c2002. |
||
| 300 |
_a124 pages : _billustrations ; _c20 cm |
||
| 505 | _aK | ||
| 520 | _aBrilliant poems to entertain your whole family. In here you'll find rhymes from favourite poets including Michael Rosen, Jack Prelutsky and Kit Wright, as well as some poems written by kids like you. There are happy poems and sad poems, funny poems and cheeky poems, plus lots of stroppy sisters, bratty brothers, daft dads - and grandmas giving sloppy kisses! Erk! | ||
| 521 | 8 |
_a510
_bLexile estimate |
|
| 521 | 8 |
_aK
_bRaz-Plus |
|
| 650 |
_aPoetry _vSiblings |
||
| 700 |
_aNayler, Sarah _eillustrator |
||
| 942 |
_2ddc _cBK _n0 |
||
| 999 |
_c8143 _d8143 |
||